| 000 | 00424nmm a2200181 a 4500 | ||
|---|---|---|---|
| 003 | AR-BaBNM | ||
| 005 | 20251128203238.0 | ||
| 008 | 307019s1987 ||||||||||||||000 | spa|| | ||
| 040 | _cAR-BaBNM | ||
| 245 | 1 | 0 | _aDiccionario Sigmar de la lengua |
| 260 |
_aBuenos Aires _bSigmar _c1987 |
||
| 300 | 0 |
_a383 p. _bláms. |
|
| 650 | 4 | _aDICCIONARIOS | |
| 650 | 4 | _aESPANOL | |
| 655 | _aREFERENCIA | ||
| 942 | _cBK | ||
| 998 | _claura | ||
| 999 |
_c2558 _d2558 |
||